| 000 | 01141nam a22003497a 4500 | ||
|---|---|---|---|
| 003 | CHAP | ||
| 005 | 20220329133733.0 | ||
| 008 | 971013s1993 r 00010 d | ||
| 010 | _a10126 | ||
| 011 | _a11098 | ||
| 035 | _a10336 | ||
| 040 | _cCHAP | ||
| 082 |
_a633 _bM69 v.8-14 |
||
| 110 |
_aMéxico. Dirección General de Política Agrícola _977030 |
||
| 245 |
_aSistema producto manzana _b: datos básicos |
||
| 260 |
_aMéxico, D.F. : _bLa Dirección, _c1993 |
||
| 300 | _ac.a. 60 h | ||
| 501 | _aEnc. con otros impresos similares | ||
| 590 |
_aBATCH-UPD _b10 _c20130110 _lUCH01 _h1812 |
||
| 590 |
_aBATCH-UPD _b10 _c20130410 _lUCH01 _h1147 |
||
| 590 |
_aBATCH-UPD _b10 _c20130914 _lUCH01 _h1745 |
||
| 590 |
_aCONVERSION _b10 _c20130109 _lUCH01 _h1306 |
||
| 650 | 1 | 4 |
_aManzana _xCostos de producción. _970752 |
| 650 | 1 | 4 |
_aManzana _xExportación. _970768 |
| 650 | 1 | 4 |
_aManzana _xImportación. _970775 |
| 650 | 1 | 4 |
_aManzana _xMercadeo. _970786 |
| 650 | 1 | 4 |
_aManzana _xNormas de calidad. _970790 |
| 650 | 1 | 4 |
_aManzana _xRendimiento. _970802 |
| 901 | _aBK | ||
| 942 | _cLIBRO | ||
| 949 |
_a633 M39 v.8-14 _bBC _cC _d-21832 _eC _h85090 _i10336 _si |
||
| 999 |
_c10126 _d10126 |
||